000 00495nam a2200181Ia 4500
008 090123s9999 xx 000 0 und d
082 _b39871
100 _aनाईक गुरूनाथ
245 _aसरताज
250 _a1
260 _bगीता एजन्सीज
_c2006
300 _a160
600 _aनाईक गुरूनाथ
630 _aसरताज
700 _aनाईक गुरूनाथ
730 _aसरताज
942 _cBOOK
999 _c77943
_d77943